000 00552nam a22001577a 4500
082 _a621.312
_bHAM
100 _aHamza Ali Memon (330048)
_9119470
245 _aTechno-economic feasibility and environmental assessment of large-scale wind farms for sustainable energy generation at provincial scale of Pakistan /
264 _aIslamabad :
_bUSPCAS-E, NUST
_cJuly, 2023.
300 _axiii, 61 p.
_e+CD
520 _aTH-524
650 _aMS EEP Thesis
650 _aMS Thesis
_918721
700 _aDr. Syed Ali Abbas Kazmi
_9117439
942 _2ddc
_cTHE
999 _c607166
_d607166